Svatý Jan pod Skalou case study about the integration of small rural settlements

Obec Svatý Jan pod Skalou sa ako aj iné malé vidiecke obce stretá s finančnými a personálnymi problémami vo výkone verejnej správy. V článku sa uvažuje o prípadných integračných stratégiách, tak aby obec nestratila výhody a riešila svoje nevýhody. Formulovanie predbežných alternatív integračných str...

Description complète

Enregistré dans:
Détails bibliographiques
Auteur principal: Hudečková, Helena
Autres auteurs: Ševčíková, Adéla
Format: Chapitre de livre
Langue:anglais
Sujets:
Tags: Ajouter un tag
Pas de tags, Soyez le premier à ajouter un tag!

MARC

LEADER 00000naa$a2200000$$$4500
001 0053478
005 20231128141224.0
041 0 |a eng 
044 |a CZ 
245 1 0 |a Svatý Jan pod Skalou  |b case study about the integration of small rural settlements  |c Helena Hudečková, Adéla Ševčíková 
520 |a Obec Svatý Jan pod Skalou sa ako aj iné malé vidiecke obce stretá s finančnými a personálnymi problémami vo výkone verejnej správy. V článku sa uvažuje o prípadných integračných stratégiách, tak aby obec nestratila výhody a riešila svoje nevýhody. Formulovanie predbežných alternatív integračných stratégií obce, návrh hodnotiaceho nástroja zvolených stratégií. 
610 2 0 |a vidiek 
610 2 0 |a obce 
610 2 0 |a integrácia 
610 2 0 |a integrácia regionálna 
610 2 0 |a správa verejná 
610 2 0 |a štúdie prípadové 
610 2 0 |a Česko 
100 1 |a Hudečková, Helena 
700 1 |a Ševčíková, Adéla